| 000 | 00690cam a22002413a 4500 | ||
|---|---|---|---|
| 001 | 3156 | ||
| 003 | PGUSA | ||
| 005 | 20140828083026.0 | ||
| 008 | 020401s2002||||xxu|||||s|||||000 1 eng d | ||
| 040 |
_aPGUSA _beng |
||
| 042 | _adc | ||
| 050 | 4 | _aPT | |
| 100 | 1 |
_aHeyse, Paul, _d1830-1914 |
|
| 245 | 1 | 0 |
_aAndrea Delfin _h[electronic resource] / _cPaul Heyse |
| 260 |
_bProject Gutenberg, _c2002 |
||
| 506 | _aCopyrighted. Read the copyright notice inside this book for details. | ||
| 516 | _aElectronic text | ||
| 653 | _aVenice (Italy) -- Fiction | ||
| 700 | 1 | _aOlesch, Gunther | |
| 830 | 0 |
_aProject Gutenberg _v3156 |
|
| 856 | 4 | 0 | _uhttp://www.gutenberg.org/ebooks/3156 |
| 942 | _cEB | ||
| 999 |
_c232485 _d232485 |
||